LEADER 01559nam a2200277 i 4500 001 000000146676 003 CaOOAMICUS 005 20221014103907.0 008 171003s1669 ne u000 u lat u 013 $a123489 026 $ae-am s.um a.ue vedu (3) 1669 (R) 040 $aSeMil$bita 100 1 $aMagnen, Jean Chrysostome.$0(OLS)http://semarc/name/93516 245 10$aJoannis Chrysostomi Magneni ... De Tabaco exercitationes quatuordecim. In quibus praeter historiam tabaci lectu jucundissimam, etiam herbae virtutes & vitia explicantur, ejusque usus ac abusus, et quantum in medicina valeat ostenditur. 260 $aAmstelodami :$bEx officina Henrici & Theodori Boom,$c1669. 300 $a[24], 264 p. ;$c12°. 500 $aFregio xilogr. sul front. - Cors. ; rom. 500 $aSegn.: *12 A-L12 650 4$aTabacco - Storia.$0(OLS)http://semarc/subject/46314 650 4$aTabacco.$0(OLS)http://semarc/subject/46315 700 1 $aBoom, Hendrich & Boom, Dirk,$c.$0(OLS)http://semarc/name/12323 850 $aSeMil 852 $aSeMil$W1$xVenegono$y1$m2ZB VI 33 FA$j99308$B99308$CSeMilBibl$Z2$F107775 $8I 996 $6245$aJoannis Chrysostomi Magneni ... De Tabaco exercitationes quatuordecim. In quibus praeter historiam tabaci lectu jucundissimam, etiam herbae virtutes & vitia explicantur, ejusque usus ac abusus, et quantum in medicina valeat ostenditur$9(OLS)http://semarc/title/408676 996 $6260$aAmstelodami :$bEx officina Henrici & Theodori Boom$9(OLS)http://semarc/publisher/57303 LEADER 01546nam a2200217 i 4500 001 000000044507 003 CaOOAMICUS 005 20231026113104.0 008 120802s1802 it u000 u fre u 026 $aISTO lae- esns (aav (3) 1802 (A) 040 $aSeMil$bita 100 1 $aFontana, Francesco,$d<1750-1822>.$0(OLS)http://semarc/name/12377 245 10$aEloge funebre de son eminence le cardinal Gerdil de la Congregation des Barnabites ... prononcé en italien dans l'eglise de S. Charles des Catinari le 19 Août 1802 par le r.p. François Fontana ... et traduit en françois avec de nouvelles notes historiques, suivies de l'Esprit de Gerdil, par. m. l'abbé d'Hesmivi d'Auribeau. 260 $aA Rome :$bChez Antoine Fulgoni imprimeur de la Propaganda Fide,$c1802. 300 $a[8], 165, [7] p. ;$c8º. 650 4$aGerdil, Giacinto Sigismondo - Commemorativi.$0(OLS)http://semarc/subject/54648 850 $aSeMil 852 $aSeMil$W1$xVenegono$y1$m2A III 26 FA$j10662$B10662$CSeMilBibl$Z2$F10662 $8I 996 $6245$aEloge funebre de son eminence le cardinal Gerdil de la Congregation des Barnabites ... prononcé en italien dans l'eglise de S. Charles des Catinari le 19 Août 1802 par le r.p. François Fontana ... et traduit en françois avec de nouvelles notes historiques, suivies de l'Esprit de Gerdil, par. m. l'abbé d'Hesmivi d'Auribeau$9(OLS)http://semarc/title/65837 996 $6260$aA Rome :$bChez Antoine Fulgoni imprimeur de la Propaganda Fide$9(OLS)http://semarc/publisher/40584